[Event "Timisoara Foisor Memorial Rapid"]
[Site "Timisoara"]
[Date "2023.08.05"]
[Round "2"]
[White "Kulaots, Kaido"]
[Black "Linik, Yaron"]
[Result "1-0"]
[WhiteElo "2491"]
[BlackElo "1990"]
[PlyCount "93"]
[EventDate "2023.08.05"]
[EventType "swiss (rapid)"]
[EventRounds "10"]
[EventCountry "ROU"]
[SourceTitle "CBM 215 Extra"]
[Source "ChessBase"]
[SourceDate "2023.09.30"]
[SourceVersion "1"]
[SourceVersionDate "2023.09.30"]
[SourceQuality "1"]

1. e4 e6 2. d4 d5 3. Nc3 Bb4 4. e5 c5 5. a3 Bxc3+ 6. bxc3 Ne7 7. Qg4 Qc7 8. Bd3 cxd4 9. Ne2 dxc3 10. Qxg7 Rg8 11. Qxh7 Nbc6 12. f4 Bd7 13. 0-0 0-0-0 14. Rb1 Na5 15. Be3 d4 16. Nxd4 Nd5 17. Qe4 Nc4 18. Bc1 Nd2 19. Bxd2 cxd2 20. Qe2 Nc3 21. Qxd2 Nxb1 22. Rxb1 Qc5 23. Qf2 Qxa3 24. Qf3 Bc6 25. Nxc6 Qc5+ 26. Kf1 Qxc6 27. Qxc6+ bxc6 28. Ba6+ Kd7 29. Rb7+ Ke8 30. Rxa7 Rd7 31. Ra8+ Rd8 32. Rxd8+ Kxd8 33. Kf2 Ke7 34. h4 f6 35. exf6+ Kxf6 36. Kf3 e5 37. g4 exf4 38. Kxf4 Rh8 39. g5+ Kg6 40. Kg4 Ra8 41. h5+ Kh7 42. Bd3+ Kg7 43. h6+ Kg8 44. g6 c5 45. Bc4+ Kh8 46. g7+ Kh7 47. g8Q+ 1-0

[Event "Seinajoki CSIT Championship"]
[Site "Seinajoki"]
[Date "2014.06.??"]
[Round "2"]
[White "Linik, Yaron"]
[Black "Gordon, Evgeny"]
[Result "1-0"]
[WhiteElo "2070"]
[BlackElo "2055"]
[PlyCount "70"]
[EventDate "2014.06.05"]
[EventType "swiss"]
[EventRounds "5"]
[EventCountry "FIN"]
[SourceTitle "EXT 2022"]
[Source "ChessBase"]
[SourceDate "2021.10.06"]
[SourceVersion "1"]
[SourceVersionDate "2021.10.06"]
[SourceQuality "1"]

1. e4 d6 2. d4 Nf6 3. Nc3 e5 4. dxe5 dxe5 5. Qxd8+ Kxd8 6. Bc4 Be6 7. Bxe6 fxe6 8. Nf3 Bd6 9. Bg5 Nbd7 10. 0-0-0 Ke7 11. Bh4 h6 12. Nd2 c6 13. Nc4 Bc7 14. f3 b5 15. Ne3 Bb6 16. Ng4 h5 17. Nxf6 gxf6 18. Kb1 Nf8 19. Rd3 Ng6 20. g3 Rad8 21. Ne2 Nxh4 22. gxh4 Rxd3 23. cxd3 f5 24. Rc1 Rg8 25. exf5 Rg2 26. Ng3 Rxh2 27. Rxc6 exf5 28. Nxf5+ Kf7 29. Rh6 Rh3 30. Nd6+ Kg7 31. Rxh5 Rxf3 32. Rxe5 Rxd3 33. Nxb5 Rh3 34. Nxa7 Rxh4 35. Nb5 Kf6 1-0

[Event "Gazi op 8th"]
[Site "Gazi"]
[Date "2012.08.10"]
[Round "8"]
[White "Eleftherakis, Panagiotis"]
[Black "Linik, Yaron"]
[Result "1/2-1/2"]
[WhiteElo "1581"]
[BlackElo "2075"]
[PlyCount "57"]
[EventDate "2012.08.04"]
[EventType "swiss"]
[EventRounds "9"]
[EventCountry "GRE"]
[SourceTitle "EXT 2024"]
[Source "ChessBase"]
[SourceDate "2023.10.10"]
[SourceVersion "1"]
[SourceVersionDate "2023.10.10"]
[SourceQuality "1"]

1. d4 c5 2. e3 cxd4 3. exd4 d5 4. Nf3 Bg4 5. Be2 e6 6. c3 Nc6 7. Bf4 Bd6 8. Bg3 a6 9. Ne5 Bxe2 10. Qxe2 Nge7 11. Nd2 Nf5 12. Nxc6 bxc6 13. Bxd6 Nxd6 14. 0-0 0-0 15. b3 Qb6 16. Rac1 Rfc8 17. Nf3 a5 18. Ne5 Rc7 19. Nd3 Qb5 20. Rfe1 Rac8 21. Nc5 Qxe2 22. Rxe2 Nb7 23. Nxb7 Rxb7 24. c4 Ra8 25. cxd5 cxd5 26. Rec2 Kf8 27. Rc8+ Rxc8 28. Rxc8+ Ke7 29. Ra8 1/2-1/2

[Event "SESI Jogos Mundiais do Trabalhador"]
[Site "Fortaleza"]
[Date "2009.06.17"]
[Round "1.1"]
[White "Linik, Yaron"]
[Black "Keskinen, Sauli"]
[Result "0-1"]
[WhiteElo "2160"]
[BlackElo "2310"]
[PlyCount "86"]
[EventDate "2009.06.17"]
[EventType "swiss"]
[EventRounds "5"]
[EventCountry "BRA"]
[SourceTitle "EXT 2022"]
[Source "ChessBase"]
[SourceDate "2021.10.06"]
[SourceVersion "1"]
[SourceVersionDate "2021.10.06"]
[SourceQuality "1"]

1. e4 d6 2. d4 Nf6 3. Nc3 g6 4. h3 c6 5. Nf3 b5 6. Bd3 Nbd7 7. e5 b4 8. exf6 bxc3 9. fxe7 Qxe7+ 10. Qe2 Qxe2+ 11. Bxe2 cxb2 12. Bxb2 Rb8 13. Ba3 d5 14. Bxf8 Nxf8 15. Ne5 Bd7 16. 0-0 f6 17. Nxd7 Kxd7 18. c4 Ne6 19. Rfd1 Rb2 20. cxd5 cxd5 21. Bf3 Kd6 22. Rd3 Rc8 23. Ra3 Nxd4 24. Rd1 Nxf3+ 25. Rxf3 Rxa2 26. Rxf6+ Ke5 27. Rf7 Rcc2 28. Rd7 Rxf2 29. R1xd5+ Kf6 30. g4 h6 31. h4 Rg2+ 32. Kh1 Rge2 33. g5+ hxg5 34. hxg5+ Ke6 35. R7d6+ Kf7 36. Rf6+ Ke7 37. Rd1 Rh2+ 38. Kg1 Rhg2+ 39. Kh1 Rxg5 40. Rd7+ Kxf6 41. Rd6+ Kf5 42. Rf6+ Ke4 43. Rf4+ Kd5 0-1

[Event "Andorra op 21st"]
[Site "Andorra"]
[Date "2003.07.10"]
[Round "6"]
[White "Navarro Cia, Miguel"]
[Black "Linik, Yaron"]
[Result "1-0"]
[WhiteElo "2355"]
[BlackElo "2140"]
[PlyCount "97"]
[EventDate "2003.07.05"]
[EventType "swiss"]
[EventRounds "9"]
[EventCountry "AND"]
[SourceTitle "CBM 095 Extra"]
[Source "ChessBase"]
[SourceDate "2003.09.04"]
[SourceVersion "1"]
[SourceVersionDate "2003.09.04"]
[SourceQuality "1"]

1. d4 Nf6 2. Bg5 c5 3. Nc3 Qa5 4. Bxf6 gxf6 5. e3 cxd4 6. exd4 d6 7. Qf3 Bh6 8. Bb5+ Kd8 9. Nge2 a6 10. Bc4 Qf5 11. Qxf5 Bxf5 12. Bb3 Nc6 13. f4 Na5 14. Bxf7 Bxc2 15. 0-0 Bd3 16. b3 Nc6 17. Rad1 Bxe2 18. Nxe2 Kd7 19. d5 Nd8 20. Bh5 f5 21. Nd4 e5 22. fxe5 Be3+ 23. Kh1 Bxd4 24. e6+ Ke7 25. Rxd4 Rc8 26. Rc4 Rxc4 27. bxc4 Rf8 28. Bd1 f4 29. Bc2 h6 30. Kg1 b5 31. cxb5 axb5 32. Rb1 Nb7 33. Rxb5 Nc5 34. Ra5 Rc8 35. Ra7+ Kf6 36. Rf7+ Kg5 37. e7 Re8 38. Kf2 h5 39. h4+ Kxh4 40. Rg7 Ra8 41. Kf3 Nd7 42. Kxf4 Nf6 43. Bb3 Ng4 44. Rh7 Nf6 45. Rf7 Nd7 46. Kf5 Rg8 47. Ke6 Ne5 48. Rf8 Rg6+ 49. Rf6 1-0

[Event "Andorra op 21st"]
[Site "Andorra"]
[Date "2003.07.09"]
[Round "5"]
[White "Linik, Yaron"]
[Black "Rodriguez Guerrero, Enrique"]
[Result "1/2-1/2"]
[WhiteElo "2140"]
[BlackElo "2500"]
[PlyCount "98"]
[EventDate "2003.07.05"]
[EventType "swiss"]
[EventRounds "9"]
[EventCountry "AND"]
[SourceTitle "CBM 095 Extra"]
[Source "ChessBase"]
[SourceDate "2003.09.04"]
[SourceVersion "1"]
[SourceVersionDate "2003.09.04"]
[SourceQuality "1"]

1. e4 c5 2. c3 Nf6 3. e5 Nd5 4. d4 cxd4 5. cxd4 e6 6. Nc3 Nxc3 7. bxc3 d6 8. Nf3 Qc7 9. Bd2 Nd7 10. exd6 Bxd6 11. Bd3 b6 12. 0-0 Bb7 13. Re1 0-0 14. Be4 Bd5 15. Bxd5 exd5 16. Qc2 Nf6 17. Qf5 Qc8 18. Nh4 Qxf5 19. Nxf5 Ba3 20. Rab1 Rfc8 21. f3 Rc7 22. Rb3 Bf8 23. Bg5 Ne8 24. Rb5 Rd7 25. Bf4 Rc8 26. a4 Nc7 27. Bxc7 Rcxc7 28. a5 g6 29. axb6 axb6 30. Ng3 Rxc3 31. Rxb6 Bh6 32. Nf5 Bf8 33. Re8 gxf5 34. Rbb8 Rc4 35. Rxf8+ Kg7 36. Rh8 Rxd4 37. Rbg8+ Kf6 38. Rxh7 Rd1+ 39. Kf2 d4 40. Ke2 Rb1 41. Rh6+ Ke7 42. Rhh8 d3+ 43. Kd2 Rb2+ 44. Kd1 d2 45. Rb8 Ra2 46. Ra8 Rc2 47. Rhc8 Rb2 48. Rcb8 Rc2 49. Rc8 Rb2 1/2-1/2

[Event "Andorra op 21st"]
[Site "Andorra"]
[Date "2003.07.05"]
[Round "1"]
[White "Linik, Yaron"]
[Black "Kuzmin, Alexey"]
[Result "0-1"]
[WhiteElo "2140"]
[BlackElo "2583"]
[PlyCount "98"]
[EventDate "2003.07.05"]
[EventType "swiss"]
[EventRounds "9"]
[EventCountry "AND"]
[SourceTitle "CBM 095 Extra"]
[Source "ChessBase"]
[SourceDate "2003.09.04"]
[SourceVersion "1"]
[SourceVersionDate "2003.09.04"]
[SourceQuality "1"]

1. e4 e5 2. Nf3 Nc6 3. Bb5 a6 4. Bxc6 dxc6 5. 0-0 Qd6 6. Na3 b5 7. Qe2 Ne7 8. c3 c5 9. Rd1 Nc6 10. Nc2 Qg6 11. d4 cxd4 12. cxd4 Bh3 13. Nh4 Qg4 14. Qxg4 Bxg4 15. f3 Bd7 16. d5 Nd8 17. f4 Bc5+ 18. Be3 Bxe3+ 19. Nxe3 exf4 20. Nef5 g6 21. Nd4 c5 22. dxc6 Nxc6 23. Nb3 Ke7 24. Rac1 Rhc8 25. Nc5 Bg4 26. Rd2 Ne5 27. Rd5 Nd7 28. Nf5+ Bxf5 29. exf5 Nxc5 30. Rcxc5 Rxc5 31. Rxc5 Kd6 32. b4 Re8 33. a4 Re5 34. axb5 axb5 35. fxg6 hxg6 36. Rc1 Re4 37. Rb1 g5 38. Kf2 Ke5 39. Rc1 Rxb4 40. Rc5+ Kf6 41. Kf3 Kg6 42. Rd5 f6 43. Rc5 Rb3+ 44. Kg4 b4 45. Rb5 Re3 46. g3 fxg3 47. hxg3 f5+ 48. Kh3 b3 49. Rb6+ Kh5 0-1

[Event "Bled op-B 23rd"]
[Site "Bled"]
[Date "2002.07.08"]
[Round "7"]
[White "Linik, Yaron"]
[Black "Butkovic, Nereo"]
[Result "1-0"]
[WhiteElo "2128"]
[BlackElo "2052"]
[PlyCount "65"]
[EventDate "2002.07.03"]
[EventType "swiss"]
[EventRounds "9"]
[EventCountry "SLO"]
[SourceTitle "CBM 089 Extra"]
[Source "ChessBase"]
[SourceDate "2002.09.10"]
[SourceVersion "2"]
[SourceVersionDate "2002.09.10"]
[SourceQuality "1"]

1. e4 g6 2. d4 Bg7 3. Nc3 d6 4. h3 Nf6 5. Nf3 c6 6. a4 a5 7. Be3 Na6 8. Bxa6 Rxa6 9. Qd2 h6 10. 0-0 Qc7 11. Rad1 g5 12. Nh2 Nh5 13. Ne2 e5 14. dxe5 dxe5 15. Bc5 Be6 16. Bd6 Qd7 17. Qc3 Qc8 18. Bxe5 0-0 19. Bxg7 Nxg7 20. f4 gxf4 21. Nxf4 c5 22. Nd5 Bxd5 23. Rxd5 Rg6 24. Rxc5 Qd7 25. Ng4 Qxa4 26. Nf6+ Rxf6 27. Rxf6 Re8 28. Rxa5 Qxe4 29. Rxh6 Qf4 30. Rf6 Re1+ 31. Qxe1 Qxf6 32. Ra8+ Kh7 33. Qe4+ 1-0